000 00724nam a2200205 i 4500
001 102468
003 ES-MaACL
005 20230906183121.0
007 t|
008 051111s1959 sp ||||1| spa d
100 1 _aMendizábal, Rufo.
_980219
245 1 0 _aDiccionario griego-español /
_cbajo la dirección Rufo Mendizábal S. I.; ilustrado por los profesores del Colegio de Loyola C. Pérez Picón S. I., F. Ibiricu, M. Muguruza S. I.
250 _a4ª ed.
260 _aMadrid :
_bRazón y fe,
_c1959.
300 _a627 p., 5 map. :
_bil. ;
_c21 cm.
700 1 _aPérez Picón, Conrado.
_991083
700 1 _aIbiricu, Francisco.
_964991
700 1 _aMuguruza, M.
_984078
852 _aES-MaACL
_jC-21446
_bR.50078
999 _c102468
_d102468